Score 0/24 Timer 04:00
0 Plays Today
Title Missing Word % Correct
Butch _____ and the Sundance KidCassidy
93.3%
Take the _____ and RunMoney
86.7%
True _____Grit
86.3%
A _____ Named Charlie BrownBoy
84.9%
The Italian _____Job
84.3%
On Her Majesty's Secret _____Service
83.9%
Hello, _____!Dolly
83.9%
Easy _____Rider
82.5%
____ CowboyMidnight
77.7%
They _____ Horses, Don't They?Shoot
77.1%
_____ Your WagonPaint
71.4%
_____ CharitySweet
58.7%
Title Missing Word % Correct
Alice's _____Restaurant
53.9%
Support Your Local _____!Sheriff
51.6%
The ____ of Miss Jean BrodiePrime
51.5%
The Wild _____Bunch
50%
Women in _____Love
48.2%
Anne of the Thousand _____Days
41.4%
Cactus _____Flower
39.1%
The _____ Wore Tennis ShoesComputer
34.8%
Goodbye, _____Columbus
26.5%
_____ RacerDownhill
19.9%
_____ in New YorkHercules
15.4%
The Magic _____Christian
9.1%

Today's Daily Dose

Remove Ads.
Support Sporcle.
Get the best of Sporcle when you Go Orange. This ad-free experience offers more features, more stats, and more fun while also helping to support Sporcle. Thank you for becoming a member.

You're not logged in!

Compare scores with friends on all Sporcle quizzes.
OR
Log In

Show Comments

Extras

Top Quizzes Today


Score Distribution

Your Account Isn't Verified!

In order to create a playlist on Sporcle, you need to verify the email address you used during registration. Go to your Sporcle Settings to finish the process.

Report this User

Report this user for behavior that violates our Community Guidelines.

Details: